The local structure for finite groups with a large p-subgroup
Αποθηκεύτηκε σε:
| Κύριοι συγγραφείς: | , , |
|---|---|
| Μορφή: | Βιβλίο |
| Γλώσσα: | English |
| Δημοσίευση: |
Providence, Rhode Island :
American Mathematical Society,
c2016.
|
| Σειρά: | Memoirs of the American Mathematical Society
242 number 1147 |
| Θέματα: | |
| Ετικέτες: |
Προσθήκη ετικέτας
Δεν υπάρχουν, Καταχωρήστε ετικέτα πρώτοι!
|
MARC
| LEADER | 00000nam a2200000 a 4500 | ||
|---|---|---|---|
| 001 | 1/112964 | ||
| 008 | 170203t2016####riu| ||| |||| ||eng|| | ||
| 020 | |a 9781470418779 |q (μαλακό εξώφυλλο) | ||
| 040 | |a GR-MyUa |b gre |c GR-MyUa |e AACR2 | ||
| 041 | 0 | |a eng | |
| 082 | 7 | |a 512.23 |2 (23) | |
| 100 | 1 | |a Meierfrankenfeld, U. (Ulrich) |d 1962- | |
| 245 | 1 | 4 | |a The local structure for finite groups with a large p-subgroup / |c U. Meierfrankenfeld, B. Stellmacher, G. Stroth. |
| 260 | |a Providence, Rhode Island : |b American Mathematical Society, |c c2016. | ||
| 300 | |a vii, 342 σ. ; |c 25 εκ. | ||
| 490 | 1 | |a (Memoirs of the American Mathematical Society) ; |v 242 number 1147 | |
| 504 | |a Περιέχει βιβλιογραφικές αναφορές. | ||
| 650 | 0 | |a Finite groups. | |
| 650 | 0 | |a Group theory. | |
| 700 | 1 | |a Stellmacher, B. |q (Bernd) |e aut | |
| 700 | 1 | |a Stroth, Gernot |d 1949- |e aut | |
| 830 | 0 | |a Memoirs of the American Mathematical Society |v 242 number 1147 | |
| 852 | |a INST |b SAMOS |e 20170203 |h 512.23 MEI |p 005300044301 |q 005300044301 |t BK |y 0 | ||
| 922 | |a 3ΕΛΗ |b 201610 |c Τμήμα Μαθηματικών-Μεταπτυχιακό |d Δρές | ||
| 970 | |a Γουβάλα |b Βάσω |z 3-2-2017 | ||